Кратка история на времето (Запис номер 27573)
[ съкратено ]
| 000 -Лидер | |
|---|---|
| Контролно поле с фиксирана дължина | 01976nam a2200397 c 4500 |
| 003 - Код на организацията, давaща контролен номер | |
| Контролно поле | BLK |
| 005 - Дата и час на последна редакция | |
| Контролно поле | 20180422095725.0 |
| 008 - Елементи от данни с фиксирана дължина | |
| fixed length control field | 180413b bul|||||r ||||||| ||bul|| |
| 010 ## - Наследен системен номер | |
| LC control number | KNG00030156000 |
| 020 ## - Международен стандартен номер на книга ISBN | |
| Международен стандартен номер на книга ISBN | 954-07-1350-1 |
| -- | издат.: Унив. изд. Св. Климент Охридски |
| 040 ## - Източник на каталожния запис | |
| Идентификатор на билиотеката - собственик на записа | BLK |
| 041 ## - Код за език | |
| Код за езика на текст/звукозапис или на отделно заглавие | Български |
| Код за езика КДБФ | Български |
| 080 ## - УДК | |
| Текстов определител УДК | Звезди и звездни системи. Вселена - Космически лъчи, междузвездно пространство, Галактика, Млечен път, космология, извънгалактически системи |
| УДК код - определител по УДК | 524 |
| УДК определител | |
| УДК - код + определител | 524 |
| 100 1# - Редна дума - Автор | |
| Автор | Хокинг, Стивън Уилям |
| Авторска отговорност | първи автор |
| R(LIN) | 364189 |
| 139 ## - Редно поле | |
| Редна дума | Хокинг, Стивън |
| Авторски знак | Хок - Х 59 |
| 245 10 - Сведения за заглавието | |
| Заглавие | Кратка история на времето |
| Подзаглавни данни | От големия взрив до черните дупки |
| Редно поле (дума) | Стивън Уилям Хокинг; прев. от англ. Румяна Бикс; въвед. Карл Сейгън. |
| 250 ## - Област на изданието | |
| Сведения за изданието | 2. изд. |
| 257 ## - Страна на издаване | |
| Страна на създаване/издаване | Великобритания |
| 260 ## - Област на издателските данни | |
| -- | София |
| Име на издателя, разпространителя и проч. | Унив. изд. Св. Климент Охридски |
| Година на издаване | 1999 |
| 300 ## - Физическа характеристика | |
| Страници | 167 с. |
| Илюстрации и др. | с ил. |
| Размери/Мащаб | 20 см |
| 380 ## - Жанр | |
| Жанр | Естествени науки. Математика |
| 500 ## - Общи забележки | |
| Забележка | Ориг. загл. A Brief History of Time / Stephen W. Hawking. - 1. изд. 1993 на изд. Наука и изкуство. - Офс. изд. - 1 065 тир. - Терминол. речник ; Азб. показалец. |
| 650 #4 - Допълнително описание по предмет – тема | |
| Основно описание – тема или топоним | Вселена |
| 9 (RLIN) | 151275 |
| 650 #4 - Допълнително описание по предмет – тема | |
| Основно описание – тема или топоним | Космология |
| 9 (RLIN) | 159537 |
| 650 #4 - Допълнително описание по предмет – тема | |
| Основно описание – тема или топоним | Живот - произход и еволюция |
| 9 (RLIN) | 255182 |
| 653 ## - Ключова дума – ненормативна | |
| Ключова дума | Вселена |
| 653 ## - Ключова дума – ненормативна | |
| Ключова дума | космология |
| 653 ## - Ключова дума – ненормативна | |
| Ключова дума | произход на живота |
| 700 1# - Други автори (авторска отговорност) | |
| Лично име | Бикс, Румяна |
| Автороска отговорност (Описва отношението между автора и произведението) | прев. от англ. |
| 9 (RLIN) | 250303 |
| 700 1# - Други автори (авторска отговорност) | |
| Лично име | Сейгън, Карл |
| Автороска отговорност (Описва отношението между автора и произведението) | въвед. |
| 9 (RLIN) | 119422 |
| 852 ## - Местоположение | |
| Форматна сигнатура | Цб 202871 |
| 856 4# - Електронен адрес и достъп | |
| Електронен формат | pdf - файл |
| Път до файла /url/ | |
| 856 4# - Електронен адрес и достъп | |
| Електронен формат | pdf - файл |
| Път до файла /url/ | |
| 942 ## - АРТИКУЛИ | |
| Вид на библиотечния материал | Книги |
| Скрит в OPAC | Не |
| 944 ## - СЪЗДАВАНЕ И РЕДАКЦИЯ на ЗАПИСА | |
| Създаване/Редакция | Създаване |
| Дата на регистрацията/редакция | 18.02.2003 |
| Служител, извършил регистрацията/редакцията | Людмила_Стоянова |
| 944 ## - СЪЗДАВАНЕ И РЕДАКЦИЯ на ЗАПИСА | |
| Създаване/Редакция | Редакция |
| Дата на регистрацията/редакция | 04.10.2004 |
| Служител, извършил регистрацията/редакцията | |
| 999 ## - СИСТЕМНИ КОНТРОЛНИ НОМЕРА | |
| Koha biblionumber | 27573 |
| Koha biblioitemnumber | 27573 |
| Код за отписване | Код за изгубен артикул | Източник на класификационната схема | Код за повреда | Коз за рестрикции | Код за отдаване | Артикулен № | Име на библиотеката - собственик | Име на библиотеката, в която се намира в момента | Статус (Текущо местоположение) | Дата на вписване в системата | Местоположение - отдел | Цена в лева | Инвентарен номер | Систематично азбучна сигнатура | Баркод | Номер на екземпляра | Цена в евро | Служебна бележка | Служебен тип на артикула |
|---|---|---|---|---|---|---|---|---|---|---|---|---|---|---|---|---|---|---|---|
| Не е изгубен | Universal Decimal Classification | Не е повреден | без рестрикции | ползва се в читалня | 44489 | Регионална библиотека "Любен Каравелов" Русе | Регионална библиотека "Любен Каравелов" Русе | Хранилище | 2001-01-01 | Хранилище | 0.00 | 652626 | Цб 202871 | 120000652626 | 1 | 0.00 | Дост: Dp Вид: Д N: стар фонд Дата: 01.01.2001 | Книги | |
| Изтеглен | Не е изгубен | Universal Decimal Classification | Не е повреден | без рестрикции | заемане за дома | 44490 | Регионална библиотека "Любен Каравелов" Русе | Регионална библиотека "Любен Каравелов" Русе | Заемна - подръчен фонд | 2003-02-13 | Заемна - подръчен фонд | 7.00 | 120000674686 | П 524/Х 59 | 120000674686 | 2 | 3.58 | Дост: Pk Вид: Ф N: 8608 Дата: 11.02.2003 | Книги |
| Изтеглен | Не е изгубен | Universal Decimal Classification | Не е повреден | без рестрикции | заемане за дома | 44491 | Регионална библиотека "Любен Каравелов" Русе | Регионална библиотека "Любен Каравелов" Русе | Заемна - подръчен фонд | 2003-02-13 | Заемна - подръчен фонд | 7.00 | 120000674687 | П 524/Х 59 | 120000674687 | 3 | 3.58 | Дост: Pk Вид: Ф N: 8608 Дата: 11.02.2003 | Книги |